书目信息 |
| 题名: |
中国伦理学史
|
|
| 作者: | 蔡元培 著 | |
| 分册: | ||
| 出版信息: | 南昌 江西教育出版社 2018 |
|
| 页数: | 117页 | |
| 开本: | 23cm | |
| 丛书名: | 大家学术文库 | |
| 单 册: | ||
| 中图分类: | B82-092 | |
| 科图分类: | ||
| 主题词: | 伦理学史--中国 | |
| 电子资源: | ||
| ISBN: | 978-7-5392-9821-4 | |
| 000 | 00854oam2 2200253 450 | |
| 001 | 012001004168 | |
| 005 | 20140928162349.0 | |
| 010 | @a978-7-5392-9821-4@dCNY26.00 | |
| 100 | @a20180819d2018 em y0chiy50 ea | |
| 101 | 0 | @achi |
| 102 | @aCN@b360000 | |
| 105 | @ay z 000yy | |
| 106 | @ar | |
| 200 | 1 | @a中国伦理学史@9zhong guo lun li xue shi@f蔡元培著 |
| 210 | @a南昌@c江西教育出版社@d2018 | |
| 215 | @a117页@d23cm | |
| 225 | 1 | @a大家学术文库 |
| 330 | @a本书分先秦创始时代、汉唐继承时代、宋明理学时代三大部分,介绍了我国古代伦理学界重要的流派及主要代表人物,阐述了各家学说的要点、源流及发展,以科学的方法辨析其优长和缺失。 | |
| 461 | 0 | @12001 @a大家学术文库 |
| 606 | 0 | @a伦理学史@y中国 |
| 690 | @aB82-092@v5 | |
| 701 | 0 | @a蔡元培@9cai yuan pei@f(1868-1940)@4著 |
| 801 | 0 | @aCN@b上海新华@c20180901 |
| 905 | @b1164437-41@dB82-092@e1271@f5 | |
| 中国伦理学史/蔡元培著.-南昌:江西教育出版社,2018 |
| 117页;23cm.-(大家学术文库) |
| ISBN 978-7-5392-9821-4:CNY26.00 |
| 本书分先秦创始时代、汉唐继承时代、宋明理学时代三大部分,介绍了我国古代伦理学界重要的流派及主要代表人物,阐述了各家学说的要点、源流及发展,以科学的方法辨析其优长和缺失。 |
| ● |
| 相关链接 |
|
|
|
|
正题名:中国伦理学史
索取号:B82-092/1271
 
预约/预借
| 序号 | 登录号 | 条形码 | 馆藏地/架位号 | 状态 | 备注 |
| 1 | 1164437 | 211644372 | 第一样本阅览室/ [索取号:B82-092/1271] | 在馆 | |
| 2 | 1164438 | 211644381 | 第一借阅区/ [索取号:B82-092/1271] | 在馆 | |
| 3 | 1164439 | 211644390 | 第一借阅区/ [索取号:B82-092/1271] | 在馆 | |
| 4 | 1164440 | 211644407 | 第一借阅区/ [索取号:B82-092/1271] | 在馆 | |
| 5 | 1164441 | 211644416 | 第一借阅区/ [索取号:B82-092/1271] | 在馆 |